000 00828nam a2200253Ia 4500
003 OSt
005 20220923212419.0
006 a|||||r|||| 00| 0
007 ta
008 220922b |||||||| |||| 00| 0 hin d
024 _a152,731
037 _cTextual
040 _aARTS
_cARTS
_bhin
041 _2hin
_ahin
082 _aNR1:(L), 152L9
100 _aगर्ग, लक्ष्मी नारायण
_9160180
245 0 _aआवाज सुरीली कैसे करें
246 _aĀvāj surīlī kaise karean
250 _aसंस्क 7
260 _aहाथरस
_b संगीत कार्यालय
_c1979
300 _a194 पृ.
_ccm.
942 _hNR1:(L), 152L9
_cTEXL
_2CC
999 _c308380
_d308380